Normal view
MARC view
Entry Personal Name
001 - CONTROL NUMBER
- control field: 40035
003 - CONTROL NUMBER IDENTIFIER
- control field: dpl
005 - DATE AND TIME OF LATEST TRANSACTION
- control field: 20120124110956.0
008 - FIXED-LENGTH DATA ELEMENTS
- fixed length control field: 120124|||a|||||| | ||| d
040 ## - CATALOGING SOURCE
- Original cataloging agency: dpl
- Transcribing agency: dpl
100 ## - HEADING--PERSONAL NAME
- Personal name: गुप्ता, आर.
670 ## - SOURCE DATA FOUND
- Source citation: Work cat.: (dpl)61400: गुप्ता, आर., आर.गुप्ता कृत पॉपुलर मास्टर गाइड सैनिक स्कूल प्रवेश परीक्षा: कक्षा-VI, 2008
670 ## - SOURCE DATA FOUND
- Source citation: Work cat.: (dpl)61400: गुप्ता, आर., आर.गुप्ता कृत पॉपुलर मास्टर गाइड सैनिक स्कूल प्रवेश परीक्षा: कक्षा-VI, 2008
